| 000 | 00724pam a2200253 i 4500 | ||
|---|---|---|---|
| 008 | |||
| 020 | _a027367819 (pbk.) | ||
| 049 | _aMAIN | ||
| 090 |
_aHF5429 _bCOX |
||
| 100 | _aCox, Roger. | ||
| 245 | 1 | 0 |
_aRetailing : _b an introduction / _cRoger Cox and Paul Brittain. |
| 250 | _a5th ed. | ||
| 260 |
_aHarlow : _bPearson Education Limited, _c2004. |
||
| 300 |
_axxvii, 320 p. : _bill. ; _c24cm. |
||
| 504 | _a Includes bibliographical references. | ||
| 500 | _aIncludes index. | ||
| 650 | 0 | _aRetailing. | |
| 700 | _aBrittain, Paul. | ||
| 907 |
_a.b10278643 _b13-07-10 _c14-06-10 |
||
| 003 | |||
| 005 | 20230123125025.0 | ||
| 040 | _cNUST | ||
| 942 |
_cBOOKS _kHF5429 _mCOX |
||
| 999 |
_c134372 _d134372 |
||